000 005620000a22001930004500
999 _c48822
_d48822
001 1664
003 CO-MdFUSB
005 20171006154509.0
008 170831b xxu||||| |||| 00| 0 eng d
020 _a978-980-6993-32-7
040 _cCO-MdBIC
082 0 4 _a790 G589c
100 1 _aGonzález Yunis, Olga
245 1 0 _aCuenta que te cuento / Olga González Yunis; ilustraciones de María Elena Repiso
260 _aCaracas : Ediciones B
300 _a48 P.
650 1 4 _aJuegos de palabras \ Juegos matemáticos \ Matemáticas recreativas
942 _cLGB